000
00248nam a2200121Ia 4500
100
_a
#N/A
650
_a
Computer/ IT
942
_c
BK
654
_a
Datatypes
245
_a
Java 2.0 Platform (Preliminary user)
260
_b
#N/A
546
_a
ENGLISH
999
_c
31519
_d
31519